Statistics for Taylor Swift Songs Starting with B

Click here to take the quiz!

General Stats

  • This quiz has been taken 358 times
  • The average score is 9 of 17

Answer Stats

Song% Correct
betty
79%
Bad Blood
74%
Blank Space
71%
Babe (Taylor's Version)
70%
Better Than Revenge
70%
Back to December
68%
Bejeweled
67%
Better Man (Taylor's Version) [From The Vault]
65%
Bye Bye Baby (Taylor’s Version) (From The Vault)
58%
Begin Again (Taylor's Version)
54%
Breathe (feat. Colbie Caillat) (Taylor's Version)
54%
Bigger Than The Whole Sky
52%
The Best Day (Taylor's Version)
49%
Beautiful Eyes
29%
Beautiful Ghosts (From the Motion Picture Cats)
25%
Both of Us (B.o.B ft. Taylor Swift)
23%
Birch (Big Red Machine ft. Taylor Swift)
17%

Score Distribution

Percentile by Number Answered

Percent of People with Each Score

Your Score History

You have not taken this quiz